Normal view MARC view
  • De, Dr,S.N

Entry Personal Name

Number of records used in: 2

001 - CONTROL NUMBER

  • control field: 2390

003 - CONTROL NUMBER IDENTIFIER

  • control field: OSt

005 - DATE AND TIME OF LATEST TRANSACTION

  • control field: 20160621123047.0

008 - FIXED-LENGTH DATA ELEMENTS

  • fixed length control field: 160621|| aca||aabn | a|a d

040 ## - CATALOGING SOURCE

  • Original cataloging agency: OSt
  • Transcribing agency: OSt

100 ## - HEADING--PERSONAL NAME

  • Personal name: De, Dr,S.N

670 ## - SOURCE DATA FOUND

  • Source citation: Work cat.: (OSt): De, Dr,S.N, Business Mathematic and Statistics, 2008